00519nam a2200193Ia 4500003000400000005001700004008004100021020001500062040001800077041000800095082002100103100001700124245005300141250001200194260003800206300002400244650002800268650002900296OSt20241204152134.0210716s1995 xx 000 0 und d a055356921X cAIMIT LIBRARY aeng a808.83 21bDAYD aDay, Dianne. aStrange files of fremont jones /cBy Dianne Day. a1st ed. aNew York :bBantam books ;c1995. a243p. ;bPBc17 cm. aShaking the foundations aVulnerability discovered